Super-héros Marvel (facile #1) - Statistiques

Statistiques générales
  • Ce quiz a été pris 302 fois
  • Le résultat moyen est 12 sur 16
Statistiques - réponses
Par images Réponse % Correct
Iron Man
95%
Deadpool
93%
Spider-Man
93%
Captain America
91%
Thor
91%
Doctor Strange
90%
Wolverine
89%
Ant Man
80%
Daredevil
77%
Black Widow
76%
Falcon
76%
La Sorcière Rouge
72%
Hawkeye
71%
Rocket Raccoon
69%
Mystique
61%
Star-Lord
25%
Aucun quiz correspondant
Distribution des résultats
% des personnes avec chaque résultat
Percentile par nombre de réponses
Votre historique - résultats
Vous n’avez pas pris ce quiz